Inventario crítico de las máquinas desfribadoras en México (1830-1890) : (Record no. 13294)
[ view plain ]
| 000 -CABECERA | |
|---|---|
| campo de control de longitud fija | 01092nam a2200265 4500 |
| 003 - IDENTIFICADOR DEL NÚMERO DE CONTROL | |
| campo de control | OSt |
| 005 - FECHA Y HORA DE LA ÚLTIMA TRANSACCIÓN | |
| campo de control | 20260530115310.0 |
| 008 - DATOS DE LONGITUD FIJA--INFORMACIÓN GENERAL | |
| campo de control de longitud fija | 260417b1999 mx a|||| |||| 00| 0 spa d |
| 020 ## - NÚMERO INTERNACIONAL ESTÁNDAR DEL LIBRO | |
| Número Internacional Estándar del Libro | 9706542450 |
| 040 ## - FUENTE DE LA CATALOGACIÓN | |
| Centro catalogador/agencia de origen | ICI |
| Lengua de catalogación | spa |
| Centro/agencia transcriptor | ICI |
| 050 ## - SIGNATURA TOPOGRÁFICA DE LA BIBLIOTECA DEL CONGRESO | |
| Número de clasificación | HD9156.S8 |
| Número de documento/Ítem | M46 |
| 100 1# - ENTRADA PRINCIPAL--NOMBRE DE PERSONA | |
| Nombre de persona | Zamora Pérez, Alfonso, |
| 9 (RLIN) | 32638 |
| 245 10 - MENCIÓN DE TÍTULO | |
| Título | Inventario crítico de las máquinas desfribadoras en México (1830-1890) : |
| Resto del título | una propuesta de documentación histórica y evaluación técnica para la investigación en diseño industrial / |
| Mención de responsabilidad, etc. | Alfonso Zamora Pérez |
| 264 #1 - PRODUCCIÓN, PUBLICACIÓN, DISTRIBUCIÓN, FABRICACIÓN Y COPYRIGHT | |
| Nombre del de productor, editor, distribuidor, fabricante | Universidad Autónoma Metropolitana, Azcapotzalco, |
| Fecha de producción, publicación, distribución, fabricación o copyright | 1999 |
| Producción, publicación, distribución, fabricación y copyright | México, D.F. : |
| 300 ## - DESCRIPCIÓN FÍSICA | |
| Extensión | 155 páginas |
| Otras características físicas | ilustraciones |
| 336 ## - TIPO DE CONTENIDO | |
| Término de tipo de contenido | texto |
| Fuente | rdacontent |
| 337 ## - TIPO DE MEDIO | |
| Nombre/término del tipo de medio | sin medio |
| Fuente | rdamedia |
| 338 ## - TIPO DE SOPORTE | |
| Nombre/término del tipo de soporte | volumen |
| Fuente | rdacarrier |
| 490 ## - MENCIÓN DE SERIE | |
| Mención de serie | Colección: Libros de texto y manuales de práctica |
| 650 ## - PUNTO DE ACCESO ADICIONAL DE MATERIA--TÉRMINO DE MATERIA | |
| Término de materia o nombre geográfico como elemento de entrada | Maquinaria defibradora |
| Subdivisión general | Historia |
| Subdivisión cronológica | Siglo XIX |
| Subdivisión geográfica | México |
| 9 (RLIN) | 32639 |
| 650 ## - PUNTO DE ACCESO ADICIONAL DE MATERIA--TÉRMINO DE MATERIA | |
| Término de materia o nombre geográfico como elemento de entrada | Industria del henequen |
| Subdivisión geográfica | México |
| 9 (RLIN) | 32640 |
| 650 ## - PUNTO DE ACCESO ADICIONAL DE MATERIA--TÉRMINO DE MATERIA | |
| Término de materia o nombre geográfico como elemento de entrada | Maquinaria textil |
| Subdivisión geográfica | México |
| 9 (RLIN) | 32641 |
| 650 ## - PUNTO DE ACCESO ADICIONAL DE MATERIA--TÉRMINO DE MATERIA | |
| Término de materia o nombre geográfico como elemento de entrada | Diseño de máquinas |
| Subdivisión geográfica | México |
| 9 (RLIN) | 32642 |
| 942 ## - ELEMENTOS DE PUNTO DE ACCESO ADICIONAL (KOHA) | |
| Fuente del sistema de clasificación o colocación | Library of Congress Classification |
| Tipo de ítem Koha | |
No items available.